| Tag |
First Indicator |
Second Indicator |
Subfields |
| LEADER |
00000pam a2200000 a 4500 |
| 001 |
in00000090864 |
| 005 |
20151008063803.0 |
| 008 |
800307s1981 flua b 00100 engm |
| 010 |
|
|
|a 80012796
|
| 020 |
|
|
|a 0849353971
|
| 035 |
|
|
|a (OCoLC)06144101
|
| 035 |
|
|
|9 AAK2927AM
|
| 040 |
|
|
|a DLC
|c DLC
|d m.c.
|d TXA
|d UtOrBLW
|
| 049 |
|
|
|a TXAM
|c [1361744]
|
| 050 |
0 |
0 |
|a SB781
|b .A52
|
| 082 |
0 |
|
|a 632/.11
|
| 245 |
0 |
0 |
|a Analysis and improvement of plant cold hardiness /
|c editors, Charles Robert Olien, Myrtle N. Smith.
|
| 264 |
|
1 |
|a Boca Raton, Fla. :
|b CRC Press,
|c [1981]
|
| 264 |
|
4 |
|c ©1981
|
| 300 |
|
|
|a 215 pages :
|b illustrations ;
|c 26 cm.
|
| 336 |
|
|
|a text
|b txt
|2 rdacontent
|
| 337 |
|
|
|a unmediated
|b n
|2 rdamedia
|
| 338 |
|
|
|a volume
|b nc
|2 rdacarrier
|
| 504 |
|
|
|a Includes bibliographies and index.
|
| 650 |
|
0 |
|a Plants
|x Frost resistance.
|
| 650 |
|
0 |
|a Plants
|x Wounds and injuries.
|
| 650 |
|
0 |
|a Plants
|x Effect of cold on.
|
| 650 |
|
0 |
|a Plant breeding.
|
| 700 |
1 |
|
|a Olien, Charles Robert.
|
| 700 |
1 |
|
|a Smith, Myrtle N.
|
| 999 |
|
|
|a MARS
|
| 999 |
f |
f |
|s d78ee171-9de1-397d-934d-bf55cc85c6d2
|i 550ef84f-0c8f-3a84-8a67-e71cba78c8d8
|t 0
|
| 952 |
f |
f |
|p ric
|a Texas A&M University
|b Rellis Campus
|c Joint Library Facility
|d Remote Storage
|t 0
|e SB781 .A52
|h Library of Congress classification
|i unmediated -- volume
|m A14806237034
|
| 998 |
f |
f |
|a SB781 .A52
|t 0
|l Remote Storage
|